| 000 | 02512cam a2200337 i 4500 | ||
|---|---|---|---|
| 001 | 17385447 | ||
| 003 | EG-ScBUE | ||
| 005 | 20230329104432.0 | ||
| 008 | 120713s2013 maua f b 001 0 eng d | ||
| 020 | _a9780240818450 (pbk.) | ||
| 040 |
_aDLC _beng _erda _cDLC _dDLC _dEG-ScBUE |
||
| 082 | 0 | 4 |
_a791.430233 _bRAB _222 |
| 100 | 1 |
_aRabiger, Michael, _eauthor. |
|
| 245 | 1 | 0 |
_aDirecting : _bfilm techniques and aesthetics / _cMichael Rabiger, Mick Hurbis-Cherrier ; illustrated by Gustavo Mercado. |
| 250 | _aFifth edition. | ||
| 264 | 1 |
_aBurlington, MA : _bFocal Press / Taylor & Francis, _c2013. |
|
| 300 |
_axxv, 517 pages : _billustrations ; _c24 cm |
||
| 336 |
_2rdacontent _atext _btxt |
||
| 337 |
_2rdamedia _aunmediated _bn |
||
| 338 |
_2rdacarrier _avolume _bnc |
||
| 504 | _aIncludes bibliographical references and index. | ||
| 520 | _aThis comprehensive manual has inspired tens of thousands of readers worldwide to realize their artistic vision and produce well-constructed films. Filled with practical advice on every stage of production, this is the book you will return to throughout your career. Directing covers the methods, technologies, thought processes, and judgments that a director must use throughout the fascinating process of making a film. It emphasizes low-cost digital technology, which allows cutting-edge creativity and professionalism on shoestring budgets. And, recognizing that you learn best by doing, the book includes dozens of practical hands-on projects and activities to help you master technical and conceptual skills. Just as important as surmounting technological hurdles is the conceptual and authorial side of filmmaking. This book provides an unusually clear view of the artistic process, particularly in working with actors. It offers eminently practical tools and exercises to help you develop credible and compelling stories with your cast, hone your narrative skills, and develop your artistic identity. This book shows you how to surpass mere technical proficiency and become a storyteller with a distinctive voice and style. The companion web site includes teaching notes, hands-on exercises, checklists, and useful forms and questionnaires. | ||
| 650 | 7 |
_aMotion pictures _xProduction and direction. _2BUEsh _939027 |
|
| 650 | 7 |
_aMotion pictures _xAesthetics. _2BUEsh |
|
| 651 | _2BUEsh | ||
| 653 |
_bCOMAME _cApril2019 |
||
| 655 | _vText book | ||
| 700 | 1 |
_aHurbis-Cherrier, Mick, _eauthor. |
|
| 700 | 1 |
_aMercado, Gustavo, _eillustrator. |
|
| 942 |
_2ddc _cBB |
||
| 999 |
_c27385 _d27356 |
||